• 首页
  • 本馆介绍
  • 公告通知
  • 最新文献
  • 馆藏检索
  • 电子资源
  • 读者导购
  • 参考咨询
  • 我的图书馆
  • 登录
  • 详细信息显示
  • 放入我的书架
  • 预约/预借图书
  • 作者相关作品
  • 分类相关作品
  • 丛书相关作品
  • 出版社相关作品

书目信息

  • 表格格式
  • 工作单格式
  • 卡片格式
题名:
中国戏曲曲艺词典
    
 
作者: ;上海艺术研究所 , 中国戏剧家协会上海分会 编
分册:  
出版信息: 上海   上海辞书出版社  1981
页数: 823,55页
开本: 19cm
丛书名:
单 册:
中图分类: J8-61 , I-61
科图分类:
主题词: 中国--词典 , 曲艺--中国--词典 , 文学
电子资源:
ISBN:
000 00805nam0 2200265 450
001 1551339392
005 20150121141610.07
010    @dCNY3.70
091    @a17187.43@b精装@d¥3.70
100    @a19950613d1981 em y0chiy0110 ea
101 0  @achi
102    @aCN@b310000
105    @ay e 000yy
200 1  @a中国戏曲曲艺词典@9zhong guo xi qu qu yi ci dian@f上海艺术研究所,中国戏剧家协会上海分会编
210    @a上海@c上海辞书出版社@d1981
215    @a823,55页@d19cm
606 0  @y中国@x词典
606 0  @a曲艺@y中国@x词典
606 0  @a文学
690    @aJ8-61@v5
690    @aI-61@v4
711 02 @a上海艺术研究所@9shang hai yi shu yan jiu suo@4编
711 02 @a中国戏剧家协会上海分会@9zhong guo xi ju jia xie hui shang hai fen hui@4编
801  0 @aCN@bTSSF@c20150121
905    @aZUCC@dI-61@eJY57
    
    中国戏曲曲艺词典/上海艺术研究所,中国戏剧家协会上海分会编.-上海:上海辞书出版社,1981
    823,55页;19cm
    
    
    ISBN :CNY3.70
    
●
相关链接 在E读中查询图书 在五车中查询图书 在当当中查询图书 在豆瓣中查询图书


正题名:中国戏曲曲艺词典     索取号:I-61/JY57         预约/预借

序号 登录号 条形码 馆藏地/架位号 状态 备注
1 7856792   278567926   学院路分馆/ [索取号:I-61/JY57] 在馆    
唐山师范学院图书馆 欢迎您!
大连网信软件有限公司© 版权所有